00425nam a2200169Ia 4500003000400000005001700004008004000021020001800061040000700079041000800086082001500094100001600109245005000125260005200175300001400227700001400241OSt20250707111612.0210210b2007 xxu||||| |||| 00| 0 eng d a9780863110849 cAL aeng a541.3 ARNE aH J Arnikar aEssentials of physical chemistry and pharmacy aHyderabadbOrient Longman Private Limitedc2007 aviii,376p aKadam S S